Rozpoznaj streamera po zdjęciu #1 - Statystyki

Ogólne statystyki
  • Ten quiz został rozwiązany 122 razy
  • Średni wynik to 11 z 16
Statystyki odpowiedzi
Obrazkowy Odpowiedź % Poprawnych
MrDzinold
94%
BanduraCartel
93%
Kasix
93%
parisplatynov
92%
Xayoo_
91%
xmerghani
91%
Franio
83%
H2P_Gucio
71%
Popo
69%
Nervarien
67%
mlodziutki7
44%
Kubon_
43%
Testree
43%
Takuu_
38%
Overpow
35%
Patiro
26%
Nie znaleziono quizów pasujących do podanych kryteriów
Rozkład punktacji
Procent ludzi z każdym wynikiem
Percentyl według liczby udzielonych odpowiedzi
Twoja historia wyników
Nie rozwiązałeś tego quizu